Webster's new universal unabridged dictionary :

محفوظ في:

المؤلف الرئيسي: Webster, Noah.

التنسيق: كتاب

اللغة: Undetermined

منشور في: (S.I.) : Dorset and Baber, 1983.

الموضوعات:

الوسوم: إضافة وسم

لا توجد وسوم, كن أول من يضع وسما على هذه التسجيلة!

رقم الطلب: (Ref.) PE1625 .W4

LEADER 00635nam a2200169Ia 4500
008 220712s9999||||xx |||||||||||||| ||und||
020 |a 067141819X 
050 4 |a (Ref.) PE1625 .W4 
100 1 |a Webster, Noah. 
245 1 0 |a Webster's new universal unabridged dictionary : 
264 1 |a (S.I.) :  |b Dorset and Baber,  |c 1983. 
300 |a xiv, 2129, 160p., 16p. Of plates :  |b ill., col. Maps ;  |c 29cm. 
504 |a Thumb-indexed. 
555 4 |o (Ref.) PE1625 .W4 
650 4 |a English language Dictionaries. 
952 |0 0  |1 0  |2 lcc  |4 0  |7 1  |9 41845  |a ARCE  |b ARCE  |d 2022-07-21  |l 0  |o (Ref.) PE1625 .W4  |p 1037183  |r 2022-07-21 00:00:00  |w 2022-07-21  |y BK 
999 |c 48824  |d 48824